书目信息 |
| 题名: |
循环硫化床机组控制与保护技术及其应用
|
|
| 作者: | 党黎军 , 赵志丹 , 王乐毕 编著 | |
| 分册: | ||
| 出版信息: | 北京 中国电力出版社 2008.10 |
|
| 页数: | 187页 | |
| 开本: | 26cm | |
| 丛书名: | ||
| 单 册: | ||
| 中图分类: | TK229.5 | |
| 科图分类: | ||
| 主题词: | 流化床--liu hua chuang--循环锅炉--锅炉保养 , 流化床--liu hua chuang--循环锅炉--控制系统 | |
| 电子资源: | ||
| ISBN: | 978-7-5083-7469-7 | |
| 000 | 01157nam0 2200277 450 | |
| 001 | 012009459328 | |
| 005 | 20091005155820.65 | |
| 010 | @a978-7-5083-7469-7@dCNY25.00 | |
| 100 | @a20091005d2008 em y0chiy0120 ea | |
| 101 | 0 | @achi |
| 102 | @aCN@b110000 | |
| 105 | @aa a 000yy | |
| 106 | @ar | |
| 200 | 1 | @a循环硫化床机组控制与保护技术及其应用@Axun huan liu hua chuang ji zu kong zhi yu bao hu ji shu ji qi ying yong@f党黎军, 赵志丹, 王乐毕编著@Fdang li jun,zhao zhi dan,wang yue bi bian zhu |
| 210 | @a北京@c中国电力出版社@d2008.10 | |
| 215 | @a187页@c图@d26cm | |
| 320 | @a有书目 (第187页) | |
| 330 | @a全书共九章,主要内容包括前言,大型循环流化床锅炉技术,分散控制系统,数据采集系统,循环流化床机组的顺序控制,锅炉炉膛安全监控系统,模拟量控制系统,RB控制,汽轮机数字电液控制,汽轮机旁路控制及汽轮机主保护。 | |
| 606 | 0 | @a流化床@Aliu hua chuang@x循环锅炉@x锅炉保养 |
| 606 | 0 | @a流化床@Aliu hua chuang@x循环锅炉@x控制系统 |
| 690 | @aTK229.5@v4 | |
| 701 | 0 | @a党黎军@Adang li jun@4编著 |
| 701 | 0 | @a赵志丹@Azhao zhi dan@4编著 |
| 701 | 0 | @a王乐毕@Awang yue bi@4编著 |
| 801 | 0 | @aCN@bQSSK@c20091005 |
| 905 | @b759653-55@dTK229.5@eD177@f3 | |
| 循环硫化床机组控制与保护技术及其应用/党黎军, 赵志丹, 王乐毕编著.-北京:中国电力出版社,2008.10 |
| 187页:图;26cm |
| ISBN 978-7-5083-7469-7:CNY25.00 |
| 全书共九章,主要内容包括前言,大型循环流化床锅炉技术,分散控制系统,数据采集系统,循环流化床机组的顺序控制,锅炉炉膛安全监控系统,模拟量控制系统,RB控制,汽轮机数字电液控制,汽轮机旁路控制及汽轮机主保护。 |
| ● |
| 相关链接 |
|
|
|
正题名:循环硫化床机组控制与保护技术及其应用
索取号:TK229.5/D177
 
预约/预借
| 序号 | 登录号 | 条形码 | 馆藏地/架位号 | 状态 | 备注 |
| 1 | 759653 | 207596537 | 能源与建筑环境工程学院资料室/ [索取号:TK229.5/D177] | 在馆 | |
| 2 | 759654 | 207596546 | 自科库501/501自科库 136排5列3层/ [索取号:TK229.5/D177] | 在馆 | |
| 3 | 759655 | 207596555 | 自科库501/501自科库 136排5列3层/ [索取号:TK229.5/D177] | 在馆 |